| 000 | 00318nam a22001217a 4500 | ||
|---|---|---|---|
| 008 | 140202b xxu||||| |||| 00| 0 eng d | ||
| 100 |
_9189 _aGibson, Carol |
||
| 245 |
_aIELTS- Practice Now _c/ Carol Gibson |
||
| 260 |
_bC.A.L. U.S.A _cc2002. |
||
| 300 | _a100p | ||
| 650 | 0 |
_956 _aEnglish _xGrammar study |
|
| 942 |
_2ddc _cBK |
||
| 999 |
_c134 _d134 |
||